| 000 | 01037nam a22002417a 4500 | ||
|---|---|---|---|
| 999 |
_c21978 _d21978 |
||
| 003 | AR-CdUCM | ||
| 008 | 190425b ||||| |||| 00| 0 spa d | ||
| 040 |
_aMUNICIPALIDAD PROVINCIAL DEL CUSCO _cBIBLIOTECA MUNICIPAL DEL CUSCO |
||
| 082 | _aRev.Edu/N°6/1965 | ||
| 110 |
_aUniversidad Nacional de San Antonio Abad del Cusco _915942 |
||
| 245 |
_aRevista Educación / _cÓrgano de la Facultad de Educación |
||
| 260 |
_aCusco. _bH.G. Rozas, _c1965. |
||
| 300 |
_a204 páginas. : _c21 cm. |
||
| 440 |
_aRevista Educación. _nNúmero 6, año 1965 _947039 |
||
| 505 | _aContenido: Bases de una política educacional. Jorge Castro Harrison. -- La educación en la republica. Julio Vizcarra. -- La escuela completa de maestro único. Amando Sacristán. -- El juicio y la creencia. Daniel Castillo. | ||
| 650 |
_aEducacion _9460 |
||
| 650 |
_aFilosofía de la Educación _947037 |
||
| 650 |
_aPedagogía _91560 |
||
| 700 |
_aCastro Harrison, Jorge _930412 |
||
| 700 |
_aRojas Díaz, Benjamín _932205 |
||
| 942 |
_2ddc _cPP |
||
| 945 | _avhl | ||